| 000 | 00459nam a2200181Ia 4500 | ||
|---|---|---|---|
| 001 | 19265 | ||
| 005 | 20260306171731.0 | ||
| 008 | 260306s9999||||xx |||||||||||||| ||und|| | ||
| 041 | _aESP | ||
| 082 |
_a658.816 _bV39 |
||
| 100 |
_aVelasco González, Emilio de _eAUT |
||
| 245 | 0 |
_aEl precio: _bvariable estratégica de marketing |
|
| 260 | _c1994 | ||
| 300 |
_axvi, 332 páginas : _c23 cm. |
||
| 650 | _aGEN | ||
| 654 | _aCAN | ||
| 942 |
_cLIB _dJUS _fJUS _2ddc _n |
||
| 999 |
_c19265 _d19265 |
||